00822nam a2200193 i 450000100060000000300090000600500170001500700030003200800410003510000340007624501590011026000700026930000220033965100530036165100390041485200320045399900170048595201260050299238ES-MaACL20230906182450.0t|050906s1962 sp ||||1| spa d1 aMartín Lobo, Manuel.97754013aUn luchador extremeño b: La conquista del Guadiana (el plan de Badajoz). Artículos, charlas, conferencias sobre el tema / cpor Manuel Martín Lobo. aBadajoz : b[s.n.], c1962 (fImp. Excma Diputación Provincial) a497 p. ; c26 cm. 4aBadajoz (Provincia)-xPlanes económicos.97852 aExtremadura-xDescripción.98644 aES-MaACLjC-21962 bR.50737 c99238d99238 00104070aATENEOMbATENEOMcGaleríad2008-01-17eSCl0oC-21962p1103622r2023-02-23 00:00:00w2023-02-23yMONOGRAFIA